02083nam a2200241Ia 45000010005000000080041000050100009000460410014000550820017000692450263000862600027003493000007003765200007003836300023003906300013004136300014004266300040004406500024004807000026005047000029005307000029005595201253005882521241029s9999 xx 000 0 und d a2369 aEspañol a370-037-2006 0aEstudio comparativo entre la obtención de conocimiento de los egresados de los programas de Maestrías Docentes en la Universidad Central del Este (UCE), y la relación de aplicación y producción en los Centros Educativos. San Pedro de Macorís 2006 aSan Pedro de Macorís a55 a37 aCentros Educativos aDocentes aEgresados aFormación Profesional de Maestros aFormación Docente easesoraBasora, Olga  eautora Mendoza, Minerva eautora Arias, Gerardina aEl objetivo principal fue explorar aspectos de la capacitación de docentes que han cursado programas de maestrías y los cambios positivos tangibles que deben generarse por los conocimientos adquiridos en la Universidad Central del Este. La metodología utilizada fue de tipo cualitativa y se fundamento en la investigación, observación cuantitativa, estudios fenomenológicos, estudios de caso. Se trabajo con una población de 40 maestros egresados de maestrías de la Universidad Central del Este. Luego de colectar, procesar, resumir y analizar la información obtenida el estudio agotado fue que existe desvinculación entre los conocimientos adquiridos en las maestrías y la productividad laborar de los maestros.El estudio recomienda que la Universidad Central del Este haga una propuesta clara a la autoridades estatales a fin de ubicar los conocimientos y garantizar la productividad de los egresados. Las recomendaciones para las autoridades educativas fueron que se respete las leyes y reglamentos en cuanto a las oposiciones para optar por un puesto, para así evitar la corrupción y brindar oportunidades a los sujetos y viabilizar los materiales y equipos modernos para su incorporación al trabajo de los docentes.